Micros : (Record no. 194178)
[ view plain ]
| 000 -LEADER | |
|---|---|
| fixed length control field | 01048 a2200193 4500 |
| 003 - CONTROL NUMBER IDENTIFIER | |
| control field | Nust |
| 005 - DATE AND TIME OF LATEST TRANSACTION | |
| control field | 20221121155348.0 |
| 020 ## - INTERNATIONAL STANDARD BOOK NUMBER | |
| International Standard Book Number | 0-85227-231-6 |
| 040 ## - CATALOGING SOURCE | |
| Transcribing agency | Nust |
| 082 ## - DEWEY DECIMAL CLASSIFICATION NUMBER | |
| Classification number | 621.381,ORM |
| 100 1# - MAIN ENTRY--PERSONAL NAME | |
| Personal name | Orme, Michael |
| 9 (RLIN) | 103290 |
| 245 00 - TITLE STATEMENT | |
| Title | Micros : |
| Remainder of title | a pervasive force : a study of the impact of microelectronics on business and society 1946-90 / |
| Statement of responsibility, etc. | Michael Orme |
| 260 ## - PUBLICATION, DISTRIBUTION, ETC. | |
| Place of publication, distribution, etc. | London : |
| Name of publisher, distributor, etc. | Assoc. Business P., |
| Date of publication, distribution, etc. | 1979 |
| 300 ## - PHYSICAL DESCRIPTION | |
| Extent | 214 p: |
| Other physical details | tab. |
| 505 ## - FORMATTED CONTENTS NOTE | |
| Formatted contents note | The Economic Background to Electronic (Page-1), The Social and Political Environment (Page-26), A Certain Small Devices The Historical Perspective (Page-57), The Microprocessors Scope and Prospects(Page-68), A Computer Resolution the Computer as a Components (Page-81), The Human Engineering Problem Limits on the Future (Page-98), Semiconductors The Worlds Toughest Business (Page-120), Silicon Future (Page-147), Network To The Future (Page-173), Epilogue Computer Break Loose (Page-191). |
| 600 ## - SUBJECT ADDED ENTRY--PERSONAL NAME | |
| Personal name | Micros : |
| 9 (RLIN) | 103291 |
| 650 ## - SUBJECT ADDED ENTRY--TOPICAL TERM | |
| Topical term or geographic name entry element | Telecommunication Engineering |
| 942 ## - ADDED ENTRY ELEMENTS (KOHA) | |
| Source of classification or shelving scheme | |
| Koha item type | Book |
| Withdrawn status | Lost status | Source of classification or shelving scheme | Damaged status | Not for loan | Permanent Location | Current Location | Shelving location | Date acquired | Full call number | Barcode | Date last seen | Price effective from | Koha item type | Public note |
|---|---|---|---|---|---|---|---|---|---|---|---|---|---|---|
| Military College of Signals (MCS) | Military College of Signals (MCS) | General Stacks | 12/12/2016 | 621.381,ORM | MCS5854 | 12/08/2016 | 12/12/2016 | Book | Almirah No.31, Shelf No.4 |
